000 01194nam a22002897a 4500
999 _c64865
_d64865
005 20240530110755.0
008 181227s2018 ua g b 000 0 ara d
017 _a2017/2118
_bمصر. دار الكتب
020 _a9789770484937
040 _aEG-CaGPL
_cEG-CaGPL
082 0 4 _221
_a303.625/
_bد أ
100 0 _aداليا مجدى عبدالغنى محمود
245 1 0 _aايديولوجية الارهاب وآليات مكافحتة :
_bوفقا لاحدث التشريعات المقارنة والاتفاقيات الدولية /
_cداليا مجدى عبدالغنى محمود
250 _aط.1
260 _aالقاهرة :
_bدار النهضة العربية،
_c2018.
300 _a700 ص. ؛
_c24 سم.
504 _aيشتمل على ارجاعات ببليوجرافية
650 0 7 _2qrmak
_aالارهاب
650 0 7 _2qrmak
_aالتخريب التدمير
650 0 7 _2qrmak
_aالعنف
650 0 7 _2qrmak
_aالجرائم الدولية
650 0 7 _2qrmak
_aالجرائم السياسية
650 0 7 _2qrmak
_aالارهاب
_xقوانين وتشريعات
651 _2qrmak
942 _2ddc
_cBK